[Event "USA tt"]
[Site "ICC INT"]
[Date "2011.08.29"]
[Round "1"]
[White "Sevian, Samuel"]
[Black "Ding, Jialin"]
[Result "1/2-1/2"]
[WhiteElo "2180"]
[BlackElo "2195"]
[PlyCount "77"]
[EventDate "2011.08.29"]
[EventType "team-tourn"]
[EventRounds "10"]
[EventCountry "USA"]
[SourceTitle "CBM 144 Extra"]
[Source "ChessBase"]
[SourceDate "2011.10.28"]
[SourceVersion "1"]
[SourceVersionDate "2011.10.28"]
[SourceQuality "1"]
[WhiteTeam "San Francisco"]
[BlackTeam "St Louis"]
[WhiteTeamCountry "USA"]
[BlackTeamCountry "USA"]

1. e4 c5 2. Nf3 d6 3. d4 cxd4 4. Nxd4 Nf6 5. Nc3 g6 6. Be3 Bg7 7. f3 0-0 8. Qd2 Nc6 9. Bc4 Bd7 10. 0-0-0 Rb8 11. Bb3 Na5 12. h4 b5 13. Bh6 Bxh6 14. Qxh6 e5 15. Nde2 b4 16. Nd5 Nxb3+ 17. axb3 Nxd5 18. Rxd5 Be6 19. h5 Qc7 20. hxg6 fxg6 21. Rxd6 Rfc8 22. Qxh7+ Qxh7 23. Rxh7 Kxh7 24. Rxe6 Re8 25. Ra6 Rb7 26. Ra5 Kg7 27. Kb1 Kf6 28. Nc1 Rh8 29. Nd3 Rh1+ 30. Ka2 Rh2 31. g4 Rxc2 32. Nxe5 g5 33. Nc4 Rf2 34. Rf5+ Kg6 35. Ne5+ Kh6 36. Nf7+ Kg6 37. Ne5+ Kh6 38. Nf7+ Kg6 39. Ne5+ 1/2-1/2